000 00333nam a2200121Ia 4500
008 190216s9999||||xx |||||||||||||| ||und||
100 _a"Good R J & Stromberg R R,Patrick"
245 0 _aTechnics Of Surface And Colloid Chemistry And Physics
260 _bMarcel Dekker
_c1972
300 _a252p
650 _aChemistry
942 _cBK
999 _c2420
_d2420